La práctica del zen y cuatro textos canónicos zen
Enregistré dans:
| Auteur principal: | |
|---|---|
| Format: | Livre |
| Langue: | espagnol |
| Publié: |
Barcelona
Kairós
1993
|
| Collection: | Sabiduría Perenne
|
| Sujets: | |
| Tags: |
Ajouter un tag
Pas de tags, Soyez le premier à ajouter un tag!
|
MARC
| LEADER | 00000nam a2200000 a 4500 | ||
|---|---|---|---|
| 001 | UCR8300 | ||
| 003 | CL-VaPUC | ||
| 008 | 980529e19930000SP |||||||||||||||||spa|d | ||
| 082 | 0 | 4 | |a 294.392 |b DES |2 21 |
| 100 | 0 | |a Deshimaru, Taisen |e author |9 409955 | |
| 245 | 1 | 3 | |a La práctica del zen y cuatro textos canónicos zen |
| 300 | |a 239 p | ||
| 942 | |c BK | ||
| 945 | |d 19980529 00:00:00 |a mvenant | ||
| 260 | |a Barcelona |b Kairós |c 1993 | ||
| 650 | 0 | |a Zen |9 313093 | |
| 650 | 7 | |a MEDITACION |2 CL-VaPUC |9 313094 | |
| 650 | 0 | |a Filosofía oriental |9 319113 | |
| 650 | 7 | |a FILOSOFIA CHINA |2 CL-VaPUC |9 266932 | |
| 650 | 7 | |a BUDISMO |2 CL-VaPUC |9 409956 | |
| 583 | |a last modification |c 19980529 00:00:00 |k Rodrigo Vera | ||
| 490 | 0 | |a Sabiduría Perenne | |
| 999 | |c 269756 |d 269754 | ||
| 952 | |0 0 |1 0 |4 0 |6 294_392000000000000_DES_1993 |7 0 |8 A |9 303734 |a BIBGIM |b BIBGIM |d 2019-11-20 |i 3430243 |o 294.392 DES 1993 |p 3430243 |r 2025-01-15 |w 2019-11-20 |y BK |k ORI | ||